000 00598nam a2200229Ia 4500
003 OSt
005 20221005133541.0
006 a|||||r|||| 00| 0
007 ta
008 221004b |||||||| |||| 00| 0 san d
024 _a1809
037 _cTextual
040 _aCRL
_cCRL
_bsan
041 _2san
_asan
082 _aR6z7, 15L7
100 _aराघवेंद्र
245 0 _aउपन्यास संग्रह
246 _aUpanyās sangraha
260 _c1977
942 _hR6z7, 15L7
_cTEXL
_2cc
999 _c1067181
_d1067181